| 000 | 00637nam a2200229Ia 4500 | ||
|---|---|---|---|
| 003 | OSt | ||
| 005 | 20220925210859.0 | ||
| 006 | a|||||r|||| 00| 0 | ||
| 007 | ta | ||
| 008 | 220923b |||||||| |||| 00| 0 eng d | ||
| 037 | _cGeneral Book | ||
| 040 |
_aRTL _cRTL _beng |
||
| 041 |
_2eng _aeng |
||
| 082 | _aX71.237.N89, M9.3 | ||
| 110 |
_aRAJASTHAN (Govt. of-) _9273335 |
||
| 245 | 0 | _aAyayvyak anuman 1989-90 | |
| 260 |
_aJaipur _bGovt. central press _c1989 |
||
| 300 |
_a405p ; 84p _ccm. |
||
| 700 |
_aRAJASTHAN (Govt. of-) _9273336 |
||
| 942 |
_hX71.237.N89, M9.3 _cGB _2CC |
||
| 999 |
_c556137 _d556137 |
||